000 00905nam a2200265Ia 4500
008 130821s1983 ck gr spa
020 _a8482801449
040 _aCO-BoUCM
_bspa
_cAngélica Rojas (modificó)
_dNuevo
041 0 0 _aspa
100 1 _aEsquilo
_91600
245 1 0 _aAgamenón, Edipo rey, Hipólito
_cEsquilo,Sófocles, Eurípides ; traducción Francisco Rodríguez Adrados
260 _aBogotá (Colombia)
_bEditorial Oveja Negra
_c1983
300 _a215 páginas
490 0 _aTragedias
_aNarrativa
650 7 _aLiteratura griega
_976
650 7 _aLiteratura Latina
_97796
650 7 _aTeatro
_925046
650 7 _aTragedias
_925653
690 _aLiteratura griega
700 1 _aPericles
_92572
700 1 _aRodríguez Adrados, Francisco
_etraductor
_939854
700 1 _aSófocles
_92928
942 _cLIBRO
_a18
_e1
_mE779a
_2DEWEY
_h882.1
_n0
999 _c74063
_d74063